000 00591nam a2200193Ia 4500
003 GCL
008 140319s9999 xx 000 0 ara d
040 _aGCL /
_cGCL
082 0 4 _a928.1
_bج ا
100 1 _aجورج عبده معتوق
245 1 0 _aابونواس فى شعره الخمرى /
_cجورج عبده معتوق
260 _aبيروت :
_bدار الكتاب اللبنانى ،
_c1981
300 _a136 ص ؛
_c20 سم
490 _a
650 0 4 _aالشعر العربى
650 0 4 _aدواوين وقصائد
650 0 4 _aتاريخ ونقد
942 _2ddc
_cBK
999 _c54226
_d54226